<?xml version="1.0" encoding="UTF-8"?>
<collection xmlns="http://www.loc.gov/MARC21/slim">
 <record>
  <leader>01173nam a22003015a 4500</leader>
  <controlfield tag="001">CEM.cems010915</controlfield>
  <controlfield tag="005">20080303165700.0</controlfield>
  <controlfield tag="008">130507b######################000#0#####d</controlfield>
  <controlfield tag="003">CEMS</controlfield>
  <datafield tag="020" ind1=" " ind2=" ">
   <subfield code="a">9507016724</subfield>
  </datafield>
  <datafield tag="082" ind1="0" ind2="4">
   <subfield code="a">302</subfield>
  </datafield>
  <datafield tag="100" ind1="1" ind2=" ">
   <subfield code="a">Alonso, Maria Ernestina</subfield>
  </datafield>
  <datafield tag="245" ind1="1" ind2="0">
   <subfield code="a">Fuentes de información geografica :</subfield>
   <subfield code="b">la argentina /</subfield>
   <subfield code="c">Coordinado Por María Ernestina Alonso</subfield>
  </datafield>
  <datafield tag="260" ind1=" " ind2=" ">
   <subfield code="a">Buenos Aires :</subfield>
   <subfield code="b">Aique</subfield>
  </datafield>
  <datafield tag="300" ind1=" " ind2=" ">
   <subfield code="a">31 p.</subfield>
  </datafield>
  <datafield tag="490" ind1="0" ind2=" ">
   <subfield code="a">Colección Libros y + Egb 3</subfield>
  </datafield>
  <datafield tag="500" ind1=" " ind2=" ">
   <subfield code="a">Anexo al libro de Ciencias Sociales 9 Egb</subfield>
  </datafield>
  <datafield tag="653" ind1=" " ind2=" ">
   <subfield code="a">Geografía argentina</subfield>
  </datafield>
  <datafield tag="653" ind1=" " ind2=" ">
   <subfield code="a">Ciencias sociales-9º egb</subfield>
  </datafield>
  <datafield tag="653" ind1=" " ind2=" ">
   <subfield code="a">Argentina-estadísticas</subfield>
  </datafield>
  <datafield tag="700" ind1="1" ind2=" ">
   <subfield code="a">Bllanco, Jorge</subfield>
  </datafield>
  <datafield tag="700" ind1="1" ind2=" ">
   <subfield code="a">Fernández Caso, María Victoria</subfield>
  </datafield>
  <datafield tag="700" ind1="1" ind2=" ">
   <subfield code="a">Gurevich, Raquel Edith</subfield>
  </datafield>
  <datafield tag="859" ind1=" " ind2=" ">
   <subfield code="a">CEMS</subfield>
   <subfield code="b">BIB. CEMS - 11 de abril</subfield>
   <subfield code="h">302</subfield>
   <subfield code="i">Al64-2</subfield>
   <subfield code="p">21659.02</subfield>
   <subfield code="t">Ej.1</subfield>
   <subfield code="v">9º</subfield>
   <subfield code="3">9º</subfield>
  </datafield>
  <datafield tag="859" ind1=" " ind2=" ">
   <subfield code="a">CEMS</subfield>
   <subfield code="b">BIB. CEMS - 11 de abril</subfield>
   <subfield code="h">302</subfield>
   <subfield code="i">Al64-2</subfield>
   <subfield code="p">21660.02</subfield>
   <subfield code="t">Ej.2</subfield>
   <subfield code="v">9º</subfield>
   <subfield code="3">9º</subfield>
  </datafield>
  <datafield tag="859" ind1=" " ind2=" ">
   <subfield code="a">CEMS</subfield>
   <subfield code="b">BIB. CEMS - 11 de abril</subfield>
   <subfield code="h">302</subfield>
   <subfield code="i">Al64-2</subfield>
   <subfield code="p">21661.02</subfield>
   <subfield code="t">Ej.3</subfield>
   <subfield code="v">9º</subfield>
   <subfield code="3">9º</subfield>
  </datafield>
  <datafield tag="859" ind1=" " ind2=" ">
   <subfield code="a">CEMS</subfield>
   <subfield code="b">BIB. CEMS - 11 de abril</subfield>
   <subfield code="h">302</subfield>
   <subfield code="i">Al64-2</subfield>
   <subfield code="p">21662.02</subfield>
   <subfield code="t">Ej.4</subfield>
   <subfield code="v">9º</subfield>
   <subfield code="3">9º</subfield>
  </datafield>
  <datafield tag="859" ind1=" " ind2=" ">
   <subfield code="a">CEMS</subfield>
   <subfield code="b">BIB. CEMS - 11 de abril</subfield>
   <subfield code="h">302</subfield>
   <subfield code="i">Al64-2</subfield>
   <subfield code="p">21663.02</subfield>
   <subfield code="t">Ej.5</subfield>
   <subfield code="v">9º</subfield>
   <subfield code="3">9º</subfield>
  </datafield>
 </record>
</collection>
